| 000 | 01608nam a2200517 i 4500 | ||
|---|---|---|---|
| 001 | 41556 | ||
| 003 | KOSZ 005 | ||
| 005 | 20191017095507.0 | ||
| 008 | 011026s2002 pl f |000 0 pol | ||
| 015 | _aPB 2002/12001 | ||
| 020 | _a8372512647 | ||
| 035 | _a991018514209705066 | ||
| 035 | _a(PL-WaBN)b15018416-48omnis_nlop | ||
| 035 | _ab15018416 | ||
| 035 | _a(OCoLC)749253626 | ||
| 035 | _a(PL)b0000001501841 | ||
| 035 | _a(EXLNZ-48OMNIS_NETWORK)9910526976305606 | ||
| 040 |
_aWA N _cWA N _dKOSZ 005/HR |
||
| 046 | _k2002 | ||
| 080 | _a347.73 | ||
| 080 | _a336.14 | ||
| 080 | _a352(438) | ||
| 100 | 1 |
_aOfiarski, Zbigniew _d(1959- ) _eAutor |
|
| 245 | 1 | 0 |
_aSubwencje i dotacje jednostek samorządu terytorialnego / _cZbigniew Ofiarski. |
| 260 |
_aWarszawa : _b"Difin", _c2002. |
||
| 300 |
_a212 s. ; _c23 cm. |
||
| 336 |
_2rdacontent _aTekst _btxt |
||
| 337 |
_2rdamedia _aBez urządzenia pośredniczącego _bn |
||
| 338 |
_2racarrier _aWolumin _bnc |
||
| 380 | _aKsiążki | ||
| 380 | _aPublikacje fachowe | ||
| 388 | _a2001- | ||
| 504 | _aBibliogr. | ||
| 648 | 7 | _a2001- | |
| 650 | 7 |
_aBudżety terenowe _2DBN |
|
| 650 | 7 |
_aDotacja _2DBN |
|
| 650 | 7 | _aSubwencja | |
| 650 | 7 | _aSamorząd terytorialny | |
| 651 | 7 | _aPolska | |
| 658 | _aPolityka, politologia, administracja publiczna | ||
| 658 | _aGospodarka, ekonomia, finanse | ||
| 710 | 2 |
_aDifin _4pbl |
|
| 856 |
_uhttp://koha.tu.koszalin.pl/cgi-bin/koha/opac-detail.pl?biblionumber=41556 _yKatalog online BPK |
||
| 942 |
_2UKD _cKS |
||
| 999 |
_c41556 _d41556 |
||